LEADER 01035nam--2200373---450- 001 990001416410203316 005 20100412085252.0 010 $a978-88-430-5066-6 035 $a000141641 035 $aUSA01000141641 035 $a(ALEPH)000141641USA01 035 $a000141641 100 $a20040212d2009----km-y0itay50------ba 101 0 $aita 102 $aIT 105 $ay|||||||001yy 200 1 $aDialettologia araba$fOlivier Durand 210 $aRoma$cCarocci$d2009 215 $a426 p.$d22 cm 225 2 $aUniversità$v812 410 0$12001$aUniversità 606 0 $aDialetti arabi$2BNCF 676 $a492.77 700 1$aDURAND,$bOlivier$0220889 801 0$aIT$bsalbc$gISBD 912 $a990001416410203316 951 $aVIII.2.D. 81$b221809 L.M.$cVIII.2.D.$d00257258 959 $aBK 969 $aUMA 979 $aMARIA$b10$c20040212$lUSA01$h1134 979 $aPATRY$b90$c20040406$lUSA01$h1739 979 $aANNAMARIA$b90$c20100412$lUSA01$h0852 996 $aDialettologia araba$9931302 997 $aUNISA LEADER 01969nam0 2200409 i 450 001 TO00322359 005 20251003044404.0 010 $a8815045945 020 $aIT$b95-2926 100 $a19960726d1994 ||||0itac50 ba 101 | $aita 102 $ait 181 1$6z01$ai $bxxxe 182 1$6z01$an 200 1 $aCeto politico e dirigenza amministrativa nei comuni italiani$fValerio Belotti e Marco Maraffi 210 $aBologna$cIl mulino$d[1994] 215 $a234 p.$d22 cm 225 | $aOrganizzazione e funzionamento della pubblica amministrazione$v43 300 $aIn appendice: Il disegno della ricerca e gli aspetti di metodo, Il questionario. 410 0$1001CFI0167920$12001 $aOrganizzazione e funzionamento della pubblica amministrazione$v43 676 $a305.524$9$v21 676 $a305.93510945$9$v21 676 $a305.9354$9PERSONE SECONDO LA LORO ATTIVITA. Governo locale$v20 676 $a305.9354$9PERSONE SECONDO LA LORO ATTIVITA. Governo locale$v21 676 $a324.204$9PARTITI POLITICI. Relazioni dei partiti politici con lo stato e l'amministrazione pubblica.$v21 676 $a352$9AMMINISTRAZIONI LOCALI.$v12 676 $a352.000473$9AMMINISTRAZIONI LOCALI. RIORGANIZZAZIONE$v20 700 1$aBelotti$b, Valerio$3CFIV094954$4070$0116356 701 1$aMaraffi$b, Marco$3BVEV008649$4070$0116357 801 3$aIT$bIT-000000$c19960726 850 $aIT-BN0095 901 $bNAP 01$cPOZZO LIB.$nVi sono collocati fondi di economia, periodici di ingegneria e scienze, periodici di economia e statistica e altri fondi comprendenti documenti di economia pervenuti in dono. 912 $aTO00322359 950 0$aBiblioteca Centralizzata di Ateneo$c1 v.$d 01POZZO LIB.ECON MON 5842$e 0101 0000169975E VMA 1 v.$fB $h20210409$i20210409 977 $a 01 996 $aCeto politico e dirigenza amministrativa nei comuni italiani$9633772 997 $aUNISANNIO